000 00656cam a22001934a 4500
005 20250605164226.0
008 250528s ||||||||||||||||||||||||d
035 _a20859
020 _a9789602193136
040 _aGR-AtMCL
_bgre
_dGR-AtMCL
_eAACR2
245 1 _aΧάρτινη Αγκαλιά / Λογοτεχνία για Νέους
260 _bΚαλέντης,
_c2014
300 _a248
520 _aΈνα μυθιστόρημα για το βιβλίο, τη χάρτινη καταφυγή με τη μαγική δύναμη.
700 1 _aΜαστρογιάννη Ιφιγένεια
_96835
942 _cBK
999 _c5940
_d5940